NFL New England Patriots 2021-2022 Active Roster - Statistics

General Stats
  • This quiz has been taken 97 times
    95 since last reset
  • The average score is 26 of 70
Answer Stats
Hint Answer % Correct
QB Mac Jones
100%
CB Jonathan Jones
94%
Head Coach Bill Belichick
82%
RB Damien Harris
82%
TE Hunter Henry
82%
QB Brian Hoyer
81%
RB Rhamondre Stevenson
81%
WR Jakobi Meyers
74%
TE Jonnu Smith
74%
RB James White
69%
WR Kendrick Bourne
68%
OLB Matthew Judon
66%
WR Nelson Agholor
66%
FS Devin McCourty
65%
CB J.C. Jackson
65%
QB Jarrett Stidham
61%
K Nick Folk
61%
WR NKeal Harry
61%
T Trent Brown
58%
FB Jakob Johnson
55%
C David Andrews
53%
Offensive Cord. Josh McDaniels
52%
P Jake Bailey
50%
Defensive Play Caller Steve Belichick
50%
ILB Donta Hightower
47%
T Isaiah Wynn
47%
SS Kyle Dugger
42%
G Shaq Mason
42%
G Michael Onwenu
40%
RB Brandon Bolden
37%
OLB Kyle Van Noy
37%
DT Christian Barmore
35%
CB Jalen Mills
35%
ILB JaWhaun Bentley
35%
SS Adrian Phillips
34%
DE Deatrich Wise Jr
34%
WR Matthew Slater
34%
RB J.J Taylor
32%
DT Lawrence Guy
31%
TE Devin Asiasi
27%
DE Chase Winovich
26%
LS Joe Cardona
26%
C Ted Karras
26%
OLB Jamie Collins
24%
CB Joejuan Williams
24%
TE Dalton Keene
23%
OLB Josh Uche
23%
DT Davon Godchaux
19%
OLB Anfernee Jennings
18%
WR Gunner Olszewski
18%
CB Myles Bryant
18%
DT Carl Davis
13%
FS Cody Davis
13%
DE Henry Anderson
13%
T Justin Herron
11%
CB Shaun Wade
11%
ILB Raekwon McMillan
10%
DE Ronnie Perkins
10%
G Yasir Durant
10%
T Yodny Cajuste
10%
OLB Cameron McGrone
8%
ILB Jahlani Tavai
8%
FS Joshuah Bledsoe
8%
OLB Brandon King
6%
DT Byron Cowart
6%
Special Teams Cord. Cameron Achord
6%
CB Justin Bethel
6%
OLB Terez Hall
5%
ILB Harvey Langi
3%
TE Troy Fumagali
3%
No matching quizzes found
Score Distribution
Percent of People with Each Score
Percentile by Number Answered
Your Score History
You have not taken this quiz since the last reset